| 000 | 00570nam a2200193 a 4500 | ||
|---|---|---|---|
| 005 | 20210223123020.0 | ||
| 008 | 991125s1957 ag 000 0 spa u | ||
| 035 | _aUPN01000045887 | ||
| 049 | _aCG | ||
| 050 | 4 |
_aJN6592 _bC3.68 |
|
| 100 | 1 | _aCarson, George Barr | |
| 245 | 1 | 0 |
_aPrácticas electorales en la U.R.S.S. / _cGeorge Barr Carson ; tr. J. Rovira Armengol. |
| 260 |
_aBuenos Aires : _bAgora, _c1957. |
||
| 300 | _a127 p. | ||
| 440 | 0 | _aTemas actuales | |
| 650 | 4 |
_aDERECHO ELECTORAL - _zRUSIA _914518 |
|
| 650 | 4 |
_aELECCIONES - _zRUSIA _920160 |
|
| 905 | _aLibro | ||
| 999 |
_c45887 _d45887 |
||